• 首页
  • 本馆介绍
  • 公告通知
  • 最新文献
  • 馆藏检索
  • 电子资源
  • 读者荐购
  • 参考咨询
  • CALIS
  • 我的图书馆
  • 登录
  • 详细信息显示
  • 放入我的书架
  • 预约/预借图书
  • 作者相关作品
  • 分类相关作品
  • 丛书相关作品
  • 出版社相关作品

书目信息

  • 表格格式
  • 工作单格式
  • 卡片格式
题名:
化工开发实验技术
    
 
作者: 刘光永 主编
分册:  
出版信息: 天津   天津大学出版社  1994.04
页数: 272页
开本: 16开
丛书名:
单 册:
中图分类:
科图分类:
主题词: 化学工业--基础理论
电子资源:
ISBN: 7-5618-0618-3
 
 
 
 
 
000 00584nam0 2200205 45
001 9911021081
005 20001011112229.3
010    @a7-5618-0618-3@d18.00元
100    @a19991102d1994 km y0chiy0120 ea
101    @achi
105    @a z 000yy
200 1  @a化工开发实验技术@AHua Gong Kai Fa Shi Yan Ji Shu@f刘光永主编@FLiu Guang Yong Zhu Bian
210    @a天津@c天津大学出版社@d1994.04
215    @a272页@d16开
606 0  @a化学工业@x基础理论
690    @v3
690    @aTQ016@v3
701    @a刘光永@4主编
801    @aCN@bPFTUser@c19991102
905    @dTQ016@eL913@b175328-329@f2
    
    化工开发实验技术/刘光永主编.-天津:天津大学出版社,1994.04
    272页;16开
    
    
    ISBN 7-5618-0618-3:18.00元
    
●
相关链接 在E读中查询图书 在当当中查询图书 在豆瓣中查询图书


正题名:化工开发实验技术     索取号:TQ016/L913         预约/预借

序号 登录号 条形码 馆藏地/架位号 状态 备注
1 175328   201753281   自科二线504/504自科库 30排1列3层/ [索取号:TQ016/L913] 在馆    
2 175329   201753290   期刊室512/501自科库 137排3列2层/ [索取号:TQ016/L913] 在馆    
河南城建学院图书馆 欢迎您!
大连网信软件有限公司© 版权所有